[Event "34th Chess Olympiad (men)"]
[Site "Istanbul"]
[Date "2000.11.01"]
[Round "5.26.2"]
[White "Gonzalez, Garcia Jose"]
[Black "D'Amore, Carlo"]
[WhiteElo "2440"]
[BlackElo "2462"]
[WhiteCountry "MEX"]
[BlackCountry "ITA"]
[Result "1/2-1/2"]

1. d4 g6 2. c4 Bg7 3. e4 d6 4. Nc3 c6 5. Be2 a6 6. Nf3 b5 7. a3 Bg4 
8. cxb5 cxb5 9. Be3 e6 10. O-O Ne7 11. d5 e5 12. Ne1 Bxe2 13. Qxe2 O-O 
14. Nd3 f5 15. f3 Nd7 16. a4 bxa4 17. Nb4 Qc8 18. Rfc1 Qb7 19. Rxa4 a5 
20. Nc6 Nxc6 21. dxc6 Qxc6 22. Nb5 Nc5 23. Qc4+ Kh8 24. Ra3 Rfc8 25. b4 axb4 
26. Nxd6 Qxd6 27. Rxa8 Rxa8 28. Bxc5 Qd2 29. Bxb4 Qe3+ 30. Kh1 fxe4 31. fxe4 h5 
32. Rd1 Qd4 33. Qd5 Qxd5 34. exd5 Kg8 35. Kg1 Kf7 36. Rf1+ Ke8 37. d6 Ra7 
38. Rc1 Kd7 39. Kf2 Bf8 40. Rd1 Ra4 41. Bc3 Ra2+ 42. Rd2 Rxd2+ 43. Bxd2 Bxd6 
44. Kf3 e4+ 45. Kxe4 Bxh2 46. Kd5 Bd6 47. Bg5 Be7 48. Bd2 Bf6 49. Ke4 Ke6 
50. g4 h4 51. Kf3 Be5 52. Kg2 Bf6 
1/2-1/2

[Event "34th Chess Olympiad (men)"]
[Site "Istanbul"]
[Date "2000.11.01"]
[Round "5.26.3"]
[White "Rossi, Carlo"]
[Black "Estrada, Nieto Julian"]
[WhiteElo "2436"]
[BlackElo "2397"]
[WhiteCountry "ITA"]
[BlackCountry "MEX"]
[Result "0-1"]

1. e4 e5 2. Nf3 Nc6 3. Bc4 Bc5 4. d3 Nf6 5. c3 a6 6. Bb3 d6 7. Nbd2 Ba7 
8. Nf1 O-O 9. Ng3 h6 10. O-O Re8 11. h3 Be6 12. Bc2 d5 13. exd5 Bxd5 
14. Nh4 Qd7 15. Qe2 Rad8 16. Ne4 Qe6 17. Qf3 Nxe4 18. dxe4 Bxa2 19. Nf5 Bc4 
20. Re1 Ne7 21. Qg4 Qg6 22. Qh4 Qe6 23. Ba4 c6 24. Bc2 Bd3 25. Nxe7+ Qxe7 
26. Qxe7 Rxe7 27. Bb3 Red7 28. g3 Bb6 29. Kg2 Bc7 30. f4 exf4 31. gxf4 a5 
32. Kf3 b5 33. Be3 a4 34. Ba2 Kf8 35. Bc5+ Bd6 36. Bb6 Bc7 37. Bc5+ Bd6 
38. Bb6 Rb8 39. Bd4 c5 40. Be3 c4 41. Bd4 Bc7 42. Bc5+ Kg8 43. Ba7 Rb7 
44. Bd4 Bb6 45. Ke3 Rxd4 46. cxd4 Rd7 47. Rab1 Bxb1 48. Rxb1 Rxd4 
0-1

[Event "34th Chess Olympiad (men)"]
[Site "Istanbul"]
[Date "2000.11.01"]
[Round "5.27.1"]
[White "Zulfugarli, Magomed"]
[Black "Miezis, Normunds"]
[WhiteElo "2510"]
[BlackElo "2518"]
[WhiteCountry "AZE"]
[BlackCountry "LAT"]
[Result "0-1"]

1. e4 c5 2. Nf3 e6 3. d4 cxd4 4. Nxd4 a6 5. Nc3 Qc7 6. g3 Bb4 7. Bd2 Nf6 
8. Bg2 Nc6 9. Nb3 h5 10. f4 d6 11. a3 Bxc3 12. Bxc3 e5 13. Qd2 h4 14. f5 a5 
15. Rd1 Ke7 16. Bf3 hxg3 17. hxg3 Rxh1+ 18. Bxh1 b5 19. Bf3 Bd7 20. Qg5 b4 
21. axb4 Nxb4 22. Qd2 Qb6 23. Nxa5 
0-1

[Event "34th Chess Olympiad (men)"]
[Site "Istanbul"]
[Date "2000.11.01"]
[Round "5.27.2"]
[White "Klovans, Janis"]
[Black "Mirzoev, Azer"]
[WhiteElo "2481"]
[BlackElo "2414"]
[WhiteCountry "LAT"]
[BlackCountry "AZE"]
[Result "1/2-1/2"]

1. e4 e6 2. d4 d5 3. Nc3 Nf6 4. Bg5 dxe4 5. Nxe4 Be7 6. Bxf6 Bxf6 7. Nf3 O-O 
8. c3 Nd7 9. Qc2 e5 10. O-O-O exd4 11. Nxd4 Bxd4 12. Rxd4 Qe7 13. Be2 Nc5 
14. Nxc5 Qxc5 15. Bd3 h6 16. Re1 Be6 17. b4 Qh5 18. Qe2 Qxe2 19. Rxe2 Rfd8 
20. Rxd8+ Rxd8 21. Be4 b6 22. a3 
1/2-1/2

[Event "34th Chess Olympiad (men)"]
[Site "Istanbul"]
[Date "2000.11.01"]
[Round "5.27.4"]
[White "Neiksans, Arturs"]
[Black "Mamedov, Nidjat"]
[WhiteElo "2355"]
[BlackElo "2403"]
[WhiteCountry "LAT"]
[BlackCountry "AZE"]
[Result "1/2-1/2"]

1. d4 Nf6 2. c4 g6 3. Nf3 Bg7 4. g3 O-O 5. Bg2 d6 6. Nc3 Nbd7 7. O-O e5 
8. h3 Re8 9. e4 exd4 10. Nxd4 a6 11. Be3 Rb8 12. Qc2 c5 13. Nde2 b5 
14. Rad1 Qc7 15. Nd5 Nxd5 16. cxd5 Ne5 17. b3 f5 18. f4 Nf7 19. Nd4 fxe4 
20. g4 Rb7 21. Ne6 Bxe6 22. dxe6 Rxe6 23. Bxe4 Rb8 24. f5 gxf5 25. gxf5 Rf6 
26. Bd5 Kh8 27. Bd4 Ne5 28. Bxe5 dxe5 29. Be6 Bh6 30. Qe4 Rd8 31. Rxd8+ 
1/2-1/2

[Event "34th Chess Olympiad (men)"]
[Site "Istanbul"]
[Date "2000.11.01"]
[Round "5.28.2"]
[White "Olafsson, Helgi"]
[Black "Onkoud, Abdelaziz"]
[WhiteElo "2478"]
[BlackElo "2309"]
[WhiteCountry "ISL"]
[BlackCountry "MAR"]
[Result "1/2-1/2"]

1. c4 e5 2. Nc3 Nc6 3. g3 g6 4. Bg2 Bg7 5. Rb1 a5 6. d3 d6 7. a3 f5 8. e4 Nf6 
9. Nge2 O-O 10. O-O Be6 11. Nd5 Qd7 12. b3 Rf7 13. Bg5 Raf8 14. exf5 Bxf5 
15. Qd2 b6 16. Rbe1 Bh3 17. Bxf6 Bxf6 18. b4 Bg7 19. f3 Bf5 20. Rf2 
1/2-1/2

[Event "34th Chess Olympiad (men)"]
[Site "Istanbul"]
[Date "2000.11.01"]
[Round "5.28.3"]
[White "Mokhils, Eladnani"]
[Black "Thorhallsson, Throstur"]
[WhiteElo "2000"]
[BlackElo "2454"]
[WhiteCountry "MAR"]
[BlackCountry "ISL"]
[Result "0-1"]

1. e4 c5 2. Nc3 Nc6 3. f4 e6 4. Nf3 d5 5. Bb5 Ne7 6. Ne5 Bd7 7. Qf3 d4 
8. Bxc6 Nxc6 9. Ne2 Nb4 10. Qb3 d3 11. cxd3 Bb5 12. d4 cxd4 13. a3 Bxe2 
14. Kxe2 d3+ 15. Nxd3 Nc6 16. Qa4 Qd7 17. Qd1 Rd8 18. Ne1 Bc5 19. d3 O-O 
20. Nf3 Nd4+ 21. Nxd4 Qxd4 22. Rf1 Rd7 23. Rf3 Rfd8 24. Re3 Bb6 25. Ra2 Qc5 
26. b4 Qh5+ 27. Rf3 Qxh2 28. Qf1 Qh5 29. Rd2 Bd4 30. Rd1 Qb5 31. Rh3 Rc7 
32. Qh1 h6 33. Be3 Rc2+ 34. Rd2 Bc3 35. Rxc2 Qxd3+ 36. Kf3 Qxc2 37. Qc1 Qb3 
38. Rh1 Bd2 
0-1

[Event "34th Chess Olympiad (men)"]
[Site "Istanbul"]
[Date "2000.11.01"]
[Round "5.28.4"]
[White "Vidarsson, Jon G"]
[Black "Daoud, Mod Rabie"]
[WhiteElo "2369"]
[BlackElo "2143"]
[WhiteCountry "ISL"]
[BlackCountry "MAR"]
[Result "1-0"]

1. e4 c5 2. Nf3 Nc6 3. Bb5 g6 4. h4 h5 5. c3 a6 6. Bxc6 dxc6 7. d4 cxd4 
8. Qxd4 Qxd4 9. cxd4 Nf6 10. Nc3 Bg7 11. Bg5 Nh7 12. Bf4 Bg4 13. Ne5 Bxe5 
14. Bxe5 f6 15. Bc7 Rc8 16. Bb6 Nf8 17. a4 Nd7 18. a5 Nxb6 19. axb6 Rd8 
20. f3 Be6 21. Rd1 Kf7 22. Rd2 Rd6 23. e5 Rd7 24. Ne4 Rhd8 25. Nc5 Rxd4 
26. Rxd4 Rxd4 27. Nxb7 Rb4 28. Nd8+ Ke8 29. Nxe6 Rxb2 30. O-O Rxb6 31. Ra1 fxe5 
32. Rxa6 Rxa6 33. Nc7+ Kd7 34. Nxa6 Kd6 35. Kf2 Kd5 36. Ke3 c5 37. Nc7+ Kc6 
38. Ne6 
1-0

[Event "34th Chess Olympiad (men)"]
[Site "Istanbul"]
[Date "2000.11.01"]
[Round "5.29.1"]
[White "Wu, Shaobin"]
[Black "Mas, Hafizul Hilmi"]
[WhiteElo "2523"]
[BlackElo "2441"]
[WhiteCountry "SIN"]
[BlackCountry "MAS"]
[Result "1/2-1/2"]

1. d4 Nf6 2. c4 g6 3. Nc3 Bg7 4. g3 O-O 5. Bg2 d6 6. Nf3 Nbd7 7. O-O c6 
8. e4 e5 9. b3 exd4 10. Nxd4 Re8 11. Bb2 Qc7 12. Qc2 Nf8 13. Rad1 Bg4 
14. f3 Be6 15. Kh1 a6 16. Nxe6 Nxe6 17. Ne2 Rad8 18. Rd2 Re7 19. Rfd1 Ne8 
20. Nc3 Qa5 21. a3 b5 22. b4 Qb6 23. cxb5 axb5 24. f4 Ra8 25. e5 dxe5 
26. fxe5 Bxe5 27. Nd5 cxd5 28. Bxe5 N6c7 29. Bb2 Rd8 30. Qc3 f6 31. g4 Re3 
32. Qc1 Re6 33. h3 Qe3 34. Bd4 Qg5 35. Qc2 Kf7 36. Rf2 Ra8 37. Rdf1 Raa6 
38. Qc3 Rac6 39. Qb2 Rc4 40. Rf4 Rec6 41. Be3 Rc3 42. Bc5 R3xc5 43. bxc5 Rxc5 
44. R4f2 Rc6 45. Rc2 Rd6 46. Qb3 h5 47. gxh5 Qxh5 48. Re1 Qf5 49. Rce2 Qd7 
50. Qg3 Ne6 51. Bxd5 Rxd5 52. Rxe6 Qxe6 53. Rxe6 Kxe6 54. Qxg6 Nd6 55. h4 Re5 
56. Kg2 Ke7 57. Kf3 Ke6 58. Qg4+ Ke7 59. Qg6 Nf7 60. Kf4 Nd6 61. Qh7+ Ke6 
62. Qg8+ Ke7 63. Qh7+ Ke6 64. Qg8+ 
1/2-1/2

[Event "34th Chess Olympiad (men)"]
[Site "Istanbul"]
[Date "2000.11.01"]
[Round "5.29.2"]
[White "Mok, Tze-Meng"]
[Black "Hsu, Li Yang"]
[WhiteElo "2308"]
[BlackElo "2440"]
[WhiteCountry "MAS"]
[BlackCountry "SIN"]
[Result "0-1"]

1. e4 d5 2. exd5 Nf6 3. d4 Nxd5 4. c4 Nb6 5. c5 Nd5 6. Nc3 e6 7. Bc4 Be7 
8. Qb3 Nxc3 9. Qxc3 O-O 10. Ne2 b6 11. b4 a5 12. a3 axb4 13. axb4 Rxa1 
14. Qxa1 Nc6 15. Qc3 Bf6 16. Be3 Ne7 17. O-O Qd7 18. Qb3 b5 19. Bd3 Nd5 
20. Nc3 Nxe3 21. fxe3 Bxd4 22. exd4 Qxd4+ 23. Kh1 Qxd3 24. Rd1 Qe3 25. Qc2 Bd7 
26. Qd2 Qxd2 27. Rxd2 Bc6 28. Ra2 Rd8 29. Ra6 Rd3 30. Rxc6 Rxc3 31. Kg1 g6 
32. Rxc7 Rc4 33. c6 Rxb4 
0-1

[Event "34th Chess Olympiad (men)"]
[Site "Istanbul"]
[Date "2000.11.01"]
[Round "5.29.3"]
[White "Chan, Peng-Kong"]
[Black "Wong, Zi Jing"]
[WhiteElo "2395"]
[BlackElo "2300"]
[WhiteCountry "SIN"]
[BlackCountry "MAS"]
[Result "1-0"]

1. d4 Nf6 2. Nf3 c5 3. d5 g6 4. c4 b5 5. cxb5 a6 6. b6 d6 7. Nc3 Qxb6 8. e4 Bg7 
9. Be2 O-O 10. Nd2 Nbd7 11. Nc4 Qa7 12. Bf4 Ne8 13. O-O Nc7 14. a4 Rb8 
15. Qd2 Rb4 16. a5 f5 17. Bg5 Nf6 18. e5 dxe5 19. Nxe5 Rd4 20. Qc2 Bb7 
21. Be3 Nfxd5 22. Bxd4 cxd4 23. Nxd5 Nxd5 24. Nc6 Qa8 25. Rac1 Nf4 26. Bf3 Kh8 
27. Qb3 d3 28. Rc4 g5 29. Rxf4 gxf4 30. Ne5 Bxf3 31. Nxf3 e5 32. Ng5 Qe8 
33. Qxd3 Qg6 34. h4 h6 35. Nh3 Rg8 36. Qf3 Bf6 37. h5 Qg7 38. Qc6 Bd8 
39. Rd1 Rf8 40. Rd7 Qf6 41. Rd6 Qe7 42. Rxh6+ Kg8 43. Rg6+ Kh8 44. Rh6+ Kg8 
45. Qg6+ Qg7 46. Qe6+ Qf7 47. Qxe5 Bf6 48. Qxf5 Bxb2 49. Rg6+ Kh8 50. Rh6+ Kg8 
51. Qg5+ Bg7 52. Rxa6 Kh8 53. Qg6 Qe7 54. Ng5 Bf6 55. Re6 Qg7 56. Qxg7+ Kxg7 
57. h6+ 
1-0

[Event "34th Chess Olympiad (men)"]
[Site "Istanbul"]
[Date "2000.11.01"]
[Round "5.29.4"]
[White "Ismail, Ahmad"]
[Black "Leong, Chee"]
[WhiteElo "2068"]
[BlackElo "2000"]
[WhiteCountry "MAS"]
[BlackCountry "SIN"]
[Result "1/2-1/2"]

1. d4 e6 2. Nf3 Nf6 3. Bf4 b6 4. h3 Bb7 5. e3 Be7 6. Bd3 d6 7. O-O O-O 
8. c4 Nbd7 9. Bh2 a6 10. Nc3 c5 11. Re1 Rc8 12. Rc1 Qc7 13. b3 Rfd8 14. e4 cxd4 
15. Nxd4 Ne8 16. Kh1 Bf6 17. Nf3 Ne5 18. Bb1 g6 19. a4 Rd7 20. Qe2 Rcd8 
21. Nd1 b5 22. axb5 axb5 23. Ne3 bxc4 24. Bxe5 Bxe5 25. Qxc4 Qxc4 26. Nxc4 Bf4 
27. Rcd1 Bh6 28. Bd3 Bg7 29. Re2 Ba6 30. Ra2 Bxc4 31. Bxc4 Rb7 32. Ra6 Rbb8 
33. Kg1 Ra8 34. b4 Rxa6 35. Bxa6 Rb8 36. b5 Kf8 37. Nd2 Bd4 38. Nc4 Bc5 
39. Kf1 Ke7 40. Na5 Rb6 41. Nc4 Rb8 42. Na5 Kf8 43. Nb7 Ke7 44. e5 f6 
45. f4 fxe5 46. fxe5 Bb4 47. Rd4 Ba3 48. Rd3 Bb4 49. Rb3 Bc5 50. Nxc5 dxc5 
51. Rc3 Nc7 52. Rxc5 Kd7 53. Ke2 Rb6 54. Kf3 Nxa6 55. bxa6 Rxa6 56. g3 Ra4 
57. Rc3 h6 58. h4 Ra5 59. Kf4 Ra4+ 60. Kf3 Ra5 61. Kf4 Ra4+ 
1/2-1/2

[Event "34th Chess Olympiad (men)"]
[Site "Istanbul"]
[Date "2000.11.01"]
[Round "5.30.1"]
[White "Salmensuu, Olli"]
[Black "Gluckman, David"]
[WhiteElo "2458"]
[BlackElo "2400"]
[WhiteCountry "FIN"]
[BlackCountry "RSA"]
[Result "1/2-1/2"]

1. e4 Nf6 2. e5 Nd5 3. d4 d6 4. c4 Nb6 5. exd6 exd6 6. Nc3 Be7 7. Be3 O-O 
8. Nf3 Bg4 9. h3 Bxf3 10. Qxf3 Nc6 11. O-O-O Bg5 12. Bd3 Bxe3+ 13. fxe3 Qe7 
14. Rhe1 Rae8 15. b3 a5 16. Qe4 g6 17. Qxe7 Rxe7 18. Kd2 Kg7 19. Be4 Rfe8 
20. Bf3 f5 21. Nb5 Nc8 22. Nc3 Nd8 23. e4 fxe4 24. Rxe4 Rxe4 25. Nxe4 Ne7 
26. Ng3 Nec6 27. Kc3 Re3+ 28. Kb2 Re7 29. Ne4 Nf7 30. Nc3 Nfd8 31. Nd5 Rf7 
32. Kc3 Ne6 33. Bg4 Nf4 34. Nxf4 Rxf4 35. Bf3 Nd8 36. c5 Nc6 37. Bxc6 bxc6 
38. d5 Rf5 39. cxd6 cxd6 40. Kc4 Kf7 41. g4 Re5 42. Rd3 Ke7 43. dxc6 Rc5+ 
44. Kd4 Rxc6 45. Rc3 Rb6 46. Rc7+ Ke6 47. Rxh7 a4 48. bxa4 Rb4+ 49. Kc3 Rxa4 
50. Kb3 Ra8 51. Rc7 Rb8+ 52. Kc3 Rh8 53. a4 Rxh3+ 54. Kb4 Rh1 55. Rc3 Rg1 
56. a5 Rxg4+ 57. Kb5 Rg1 58. a6 Rb1+ 59. Kc6 Ra1 60. Kb7 g5 61. a7 Rb1+ 
62. Kc8 Ra1 63. Rc7 g4 64. Kb8 Ke5 65. a8Q Rxa8+ 66. Kxa8 g3 67. Kb7 Ke4 
68. Kc6 g2 69. Rg7 Kf3 70. Kxd6 Kf2 71. Rxg2+ Kxg2 
1/2-1/2

[Event "34th Chess Olympiad (men)"]
[Site "Istanbul"]
[Date "2000.11.01"]
[Round "5.30.2"]
[White "Solomon, Kenny"]
[Black "Yrjola, Jouni"]
[WhiteElo "2267"]
[BlackElo "2442"]
[WhiteCountry "RSA"]
[BlackCountry "FIN"]
[Result "1/2-1/2"]

1. d4 Nf6 2. c4 g6 3. Nf3 Bg7 4. g3 O-O 5. Bg2 d6 6. O-O Nc6 7. Nc3 Bf5 
8. d5 Na5 9. Nd4 Bd7 10. b3 c5 11. dxc6ep bxc6 12. Bb2 Rb8 13. Rb1 Re8 
14. Qd2 c5 15. Nc2 Nc6 16. Nd5 Nxd5 17. Bxg7 Kxg7 18. cxd5 Qa5 19. Qxa5 Nxa5 
20. Rfc1 Rb6 21. e4 Reb8 22. Ra1 e6 23. Ne3 Kf6 24. f4 e5 
1/2-1/2

[Event "34th Chess Olympiad (men)"]
[Site "Istanbul"]
[Date "2000.11.01"]
[Round "5.30.4"]
[White "Kromhout, Ewan"]
[Black "Nouro, Mikael"]
[WhiteElo "2000"]
[BlackElo "2397"]
[WhiteCountry "RSA"]
[BlackCountry "FIN"]
[Result "0-1"]

1. d4 Nf6 2. Nf3 g6 3. c4 Bg7 4. Nc3 O-O 5. Bg5 d6 6. e3 Nbd7 7. Be2 e5 
8. dxe5 dxe5 9. Qc2 c6 10. O-O Qe7 11. Nd2 Re8 12. Rab1 h6 13. Bh4 Nf8 
14. b4 Bf5 15. Nde4 g5 16. Bg3 Nxe4 17. Nxe4 Bh7 18. c5 f5 19. Qb3+ Ne6 
20. Nd6 f4 21. Nxe8 Rxe8 22. Rbd1 Kh8 23. Bh5 Rf8 24. Bg4 Bg8 25. exf4 Nd4 
26. Rxd4 Bxb3 27. Rd7 Qe8 28. axb3 exf4 29. Rfd1 fxg3 30. hxg3 h5 31. Bf5 Rxf5 
32. Rd8 Rf8 33. Rxe8 Rxe8 34. Rd7 Rb8 35. Rf7 Kh7 36. f4 Kg6 37. Re7 gxf4 
38. gxf4 Bc3 39. Kf2 Bxb4 40. Kf3 Bc3 41. Ke4 Bf6 42. Rd7 Re8+ 43. Kf3 Re7 
44. Rd6 Kf5 45. g3 Rg7 46. b4 a6 47. Rd1 h4 48. gxh4 Rg4 49. h5 Rxf4+ 
50. Kg3 Rg4+ 51. Kf3 Rxb4 52. h6 Rh4 53. Rd7 Rxh6 54. Rxb7 Bd4 55. Rb6 Bxc5 
56. Rxa6 Ke5 57. Ke2 Kd5 58. Kd3 Rh3+ 59. Kc2 Bd4 60. Ra5+ c5 61. Ra4 Rh2+ 
62. Kd1 Ke4 63. Ra3 c4 64. Rg3 Be3 65. Rg8 Kd3 66. Rd8+ Bd4 
0-1

[Event "34th Chess Olympiad (men)"]
[Site "Istanbul"]
[Date "2000.11.01"]
[Round "5.31.2"]
[White "Garcia, Raul"]
[Black "Haznedaroglu, Kivanc"]
[WhiteElo "2318"]
[BlackElo "2249"]
[WhiteCountry "AND"]
[BlackCountry "TURB"]
[Result "1/2-1/2"]

1. d4 d5 2. Bg5 c6 3. e3 Qb6 4. b3 Bf5 5. Bd3 Bxd3 6. Qxd3 Nd7 7. Nf3 Ngf6 
8. Nbd2 e6 9. O-O Be7 10. c4 Qa6 11. Qc2 O-O 12. c5 Qa5 13. b4 Qd8 14. a4 Ne8 
15. Bf4 Nc7 16. b5 cxb5 17. c6 bxc6 18. Qxc6 Ne8 19. axb5 Nb6 20. Qb7 Qd7 
21. Qxd7 Nxd7 22. Ra6 Bd8 23. Rfa1 Bb6 24. Ne5 Nxe5 25. Rxb6 axb6 26. Rxa8 Nd7 
27. Ra7 Nef6 28. Rb7 Rc8 29. Bc7 Ne8 30. Bxb6 Nxb6 31. Rxb6 Rc1+ 32. Nf1 Kf8 
33. g3 Rb1 34. Rb8 Ke7 35. Rb7+ Kf6 36. b6 Nd6 37. Rb8 h6 38. Kg2 Nc4 
39. b7 Nd6 40. Nd2 
1/2-1/2

[Event "34th Chess Olympiad (men)"]
[Site "Istanbul"]
[Date "2000.11.01"]
[Round "5.31.3"]
[White "Erdogan, Hakan"]
[Black "Santamaria, V"]
[WhiteElo "2217"]
[BlackElo "2214"]
[WhiteCountry "TURB"]
[BlackCountry "AND"]
[Result "1-0"]

1. d4 d5 2. c4 c6 3. Nc3 Nf6 4. Nf3 dxc4 5. a4 Bf5 6. e3 e6 7. Bxc4 Bb4 
8. O-O O-O 9. Qe2 Nbd7 10. Rd1 Qe7 11. e4 Bg6 12. e5 Nd5 13. Bg5 f6 
14. exf6 gxf6 15. Bh6 Rfe8 16. Rac1 N7b6 17. Bb3 Nc8 18. Nh4 Qf7 19. Nxg6 hxg6 
20. Rd3 Nd6 21. Bd2 a5 22. Qg4 Nf5 23. Rf3 Qg7 24. h4 Rad8 25. Bc2 Kf7 
26. Bb3 Nc7 27. Be3 Nd5 28. h5 Rg8 29. Nxd5 cxd5 30. Rc7+ Be7 31. Qxg6+ Qxg6 
32. hxg6+ Rxg6 33. Bc2 Rg4 34. Bxf5 exf5 35. Rxb7 
1-0

[Event "34th Chess Olympiad (men)"]
[Site "Istanbul"]
[Date "2000.11.01"]
[Round "5.31.4"]
[White "Cots, Paltor Jordi"]
[Black "Sayber, Zeki"]
[WhiteElo "2123"]
[BlackElo "2204"]
[WhiteCountry "AND"]
[BlackCountry "TURB"]
[Result "0-1"]

1. e4 d6 2. d4 Nf6 3. Nc3 g6 4. Bg5 c6 5. Qd2 b5 6. a3 Bg7 7. Be2 O-O 8. h4 h5 
9. Nh3 Nbd7 10. f3 Nb6 11. Bh6 Nc4 12. Bxc4 bxc4 13. Bxg7 Kxg7 14. e5 Nd5 
15. Ne4 Bxh3 16. Rxh3 dxe5 17. dxe5 Qb6 18. O-O-O Rab8 19. c3 Nf4 20. Rh2 Rfd8 
21. Qc2 Rxd1+ 
0-1

[Event "34th Chess Olympiad (men)"]
[Site "Istanbul"]
[Date "2000.11.01"]
[Round "5.32.1"]
[White "Hakki, Imad"]
[Black "Nguyen, Anh"]
[WhiteElo "2429"]
[BlackElo "2487"]
[WhiteCountry "SYR"]
[BlackCountry "VIE"]
[Result "1/2-1/2"]

1. e4 c6 2. d4 d5 3. Nc3 dxe4 4. Nxe4 Bf5 5. Ng3 Bg6 6. h4 h6 7. Nf3 Nd7 
8. h5 Bh7 9. Bd3 Bxd3 10. Qxd3 e6 11. Bf4 Qa5+ 12. Bd2 Qc7 13. Qe2 Ngf6 
14. O-O-O O-O-O 15. Ne5 Nb6 16. Ba5 Rd5 17. Bxb6 axb6 18. c4 Rd8 19. f4 Bd6 
20. Ne4 Nxe4 21. Qxe4 Qe7 22. g3 Bxe5 23. Qxe5 
1/2-1/2

[Event "34th Chess Olympiad (men)"]
[Site "Istanbul"]
[Date "2000.11.01"]
[Round "5.32.2"]
[White "Tu Hoang, Thong"]
[Black "Khatib, Kamel"]
[WhiteElo "2514"]
[BlackElo "2000"]
[WhiteCountry "VIE"]
[BlackCountry "SYR"]
[Result "1-0"]

1. d4 d5 2. Nf3 e6 3. c4 Nf6 4. g3 c6 5. Bg2 Be7 6. O-O O-O 7. Nbd2 Nbd7 
8. Qc2 a6 9. e4 Nxe4 10. Nxe4 dxe4 11. Qxe4 Bf6 12. Rd1 Qe7 13. Bf4 a5 
14. Rd2 a4 15. Re1 Qb4 16. Qc2 Nb6 17. Bf1 g6 18. h4 Bd7 19. a3 Qa5 20. Be5 Be7 
21. Qe4 f6 22. Bc7 Rac8 23. Qf4 Bd8 24. Bd6 Rf7 25. Bd3 Na8 26. Bb4 Qa7 
27. Qh6 Nc7 28. h5 Rg7 29. hxg6 hxg6 30. Bxg6 b5 31. Nh4 bxc4 32. Bh7+ 
1-0

[Event "34th Chess Olympiad (men)"]
[Site "Istanbul"]
[Date "2000.11.01"]
[Round "5.32.3"]
[White "Al Zaim, Talal"]
[Black "Tu Hoang, Thai"]
[WhiteElo "2249"]
[BlackElo "2335"]
[WhiteCountry "SYR"]
[BlackCountry "VIE"]
[Result "0-1"]

1. d4 Nf6 2. c4 a6 3. g3 c5 4. Nf3 cxd4 5. Nxd4 Qc7 6. b3 e5 7. Nc2 Qc6 
8. f3 d5 9. cxd5 Nxd5 10. e4 Nb4 11. Nxb4 Bxb4+ 12. Bd2 Bc5 13. Nc3 Be6 
14. Bc4 O-O 15. Qe2 Qd6 16. Qd3 Bd4 17. Bxe6 fxe6 18. O-O-O Nc6 19. Kb1 Qa3 
20. Bc1 Qa5 21. Bb2 Nb4 22. Qe2 Rac8 23. a3 Bxc3 24. axb4 Qxb4 25. Rd3 Qxb3 
26. Rc1 Qb5 27. Rc2 Bd4 28. Ka2 Rc4 29. Rb3 Ra4+ 30. Ba3 Qxe2 31. Rxe2 Bc5 
32. Ree3 Bxe3 33. Rxe3 Rd8 34. Kb3 Rad4 35. Kc3 b5 36. Bb4 Rc4+ 37. Kb3 Rd1 
38. Bc3 Rdd4 39. h4 Kf7 40. g4 h6 41. Bxd4 exd4 42. Rd3 e5 
0-1

[Event "34th Chess Olympiad (men)"]
[Site "Istanbul"]
[Date "2000.11.01"]
[Round "5.32.4"]
[White "Nguyen, Thanh Son"]
[Black "Al-Baba, Izate"]
[WhiteElo "2000"]
[BlackElo "2000"]
[WhiteCountry "VIE"]
[BlackCountry "SYR"]
[Result "1-0"]

1. e4 c5 2. Nf3 e6 3. d4 cxd4 4. Nxd4 a6 5. Nc3 Qc7 6. Bd3 Bc5 7. Nb3 Ba7 
8. Qg4 Ne7 9. Bf4 e5 10. Qxg7 Rg8 11. Qxe5 Qxe5 12. Bxe5 Rxg2 13. Bg3 Nbc6 
14. Kf1 
1-0

[Event "34th Chess Olympiad (men)"]
[Site "Istanbul"]
[Date "2000.11.01"]
[Round "5.33.1"]
[White "Williams, Leighton"]
[Black "Quinn, Mark"]
[WhiteElo "2317"]
[BlackElo "2381"]
[WhiteCountry "WLS"]
[BlackCountry "IRL"]
[Result "1/2-1/2"]

1. d4 Nf6 2. c4 e6 3. Nc3 Bb4 4. Qc2 Nc6 5. Nf3 d6 6. Bg5 h6 7. Bd2 O-O 
8. a3 Bxc3 9. Bxc3 a5 10. e4 a4 11. Bd3 Qe7 12. e5 dxe5 13. dxe5 Nd7 
14. Qe2 Nc5 15. Bc2 b6 16. O-O Bb7 17. Rad1 Rfd8 18. h4 Rxd1 19. Rxd1 Rd8 
20. h5 Nb8 21. Rd4 Rxd4 22. Bxd4 Nbd7 23. Be3 Qf8 24. Bf4 Qa8 25. Nd4 Be4 
26. Bxe4 Qxe4 27. Qxe4 Nxe4 28. Kf1 Nec5 29. Ke2 Kf8 30. Nb5 Na6 31. Ke3 Ke7 
32. g4 Ke8 33. Kd4 Ndc5 34. f3 Kf8 35. Be3 Ke7 36. Kc3 Nd7 37. Bf4 Ndc5 
38. Kd4 Ke8 39. Be3 Ke7 40. Kc3 Nd7 41. Bf4 
1/2-1/2

[Event "34th Chess Olympiad (men)"]
[Site "Istanbul"]
[Date "2000.11.01"]
[Round "5.33.2"]
[White "Heidenfeld, Mark"]
[Black "Dineley, Richard"]
[WhiteElo "2375"]
[BlackElo "2273"]
[WhiteCountry "IRL"]
[BlackCountry "WLS"]
[Result "1-0"]

1. e4 c5 2. Nf3 d6 3. d4 cxd4 4. Nxd4 Nf6 5. Nc3 e6 6. g3 Nc6 7. Bg2 Bd7 
8. O-O Be7 9. Re1 O-O 10. Nce2 a6 11. c4 Rc8 12. Nxc6 Bxc6 13. Nd4 Bd7 
14. Qe2 Qc7 15. b3 Rfe8 16. Bb2 Qb8 17. a4 Qc7 18. h3 a5 19. Qe3 Bc6 
20. e5 dxe5 21. Nb5 Bxb5 22. Bxe5 Bd6 23. Bxd6 Qxd6 24. axb5 b6 25. Bc6 Rxc6 
26. Rad1 Qc5 27. bxc6 Qxc6 28. Qd4 h6 29. Re5 Rc8 30. Qd6 Qf3 31. Rd3 Qb7 
32. Rb5 Rc6 33. Qd8+ Kh7 34. Rd6 Rxd6 35. Qxd6 Qe4 36. Qxb6 Qb1+ 37. Kg2 Ne4 
38. Qe3 f5 39. Re5 Qd1 40. Rxe6 
1-0

[Event "34th Chess Olympiad (men)"]
[Site "Istanbul"]
[Date "2000.11.01"]
[Round "5.33.3"]
[White "Varley, Peter"]
[Black "Daly, Colm"]
[WhiteElo "2257"]
[BlackElo "2357"]
[WhiteCountry "WLS"]
[BlackCountry "IRL"]
[Result "0-1"]

1. e4 e6 2. d4 d5 3. Nc3 Nf6 4. e5 Nfd7 5. f4 c5 6. Nf3 Nc6 7. Be3 cxd4 
8. Nxd4 Bc5 9. Qd2 a6 10. h4 Bxd4 11. Bxd4 b5 12. a3 h5 13. g3 Qc7 14. Rh2 Bb7 
15. Rf2 g6 16. Nxd5 exd5 17. e6 Nxd4 18. exd7+ Kxd7 19. Qxd4 Rhe8+ 20. Kd2 Re4 
21. Qf6 Qc5 22. Re2 Rxe2+ 23. Bxe2 Re8 24. Re1 Re7 25. c3 Qe3+ 26. Kd1 Kc7 
27. Qd4 Bc8 28. Qxe3 Rxe3 29. Rg1 Bg4 30. Bxg4 hxg4 31. Re1 Rxg3 32. Re7+ Kd6 
33. Rxf7 Ke6 34. Ra7 Re3 35. Kd2 Re4 36. Rxa6+ Kf5 37. Rd6 g3 38. Rxd5+ Kxf4 
39. Rxb5 Kf3 40. Rg5 Rg4 41. Re5 g2 42. Re1 Rxh4 43. b4 Rh1 44. Re3+ Kf4 
0-1

[Event "34th Chess Olympiad (men)"]
[Site "Istanbul"]
[Date "2000.11.01"]
[Round "5.33.4"]
[White "Orr, Mark"]
[Black "Zeidler, Sven P"]
[WhiteElo "2309"]
[BlackElo "2255"]
[WhiteCountry "IRL"]
[BlackCountry "WLS"]
[Result "1/2-1/2"]

1. d4 f5 2. Nc3 d5 3. Bf4 c6 4. e3 Nf6 5. h4 e6 6. Nf3 Qa5 7. Nd2 Bb4 
8. Ncb1 Nbd7 9. Bd3 O-O 10. c3 Be7 11. Nf3 Qd8 12. Nbd2 Ne4 13. g3 Bf6 
14. Qe2 Qe7 15. O-O-O e5 16. dxe5 Nxe5 17. Nxe5 Bxe5 18. Bxe5 Qxe5 19. f4 Qe7 
20. Bxe4 dxe4 21. Nb3 Be6 22. Nd4 Rad8 23. b3 a6 24. Nxe6 Qxe6 25. h5 
1/2-1/2

[Event "34th Chess Olympiad (men)"]
[Site "Istanbul"]
[Date "2000.11.01"]
[Round "5.34.1"]
[White "Clavijo, Jorge"]
[Black "Gonzalez, Bernal"]
[WhiteElo "2414"]
[BlackElo "2428"]
[WhiteCountry "COL"]
[BlackCountry "CRC"]
[Result "1/2-1/2"]

1. d4 f5 2. c4 g6 3. Nc3 Nf6 4. g3 Bg7 5. Bg2 O-O 6. Nf3 d6 7. d5 c6 8. O-O e5 
9. dxe6ep Bxe6 10. Qd3 Na6 11. Ng5 Qe7 12. Qe3 Rfe8 13. Qxe6+ Qxe6 
14. Nxe6 Rxe6 15. Rd1 Ng4 16. Rb1 Nc5 17. b4 Nd7 18. Rb3 Rae8 19. e3 Nge5 
20. Bf1 a6 21. a4 a5 22. Ba3 axb4 23. Bxb4 Nf7 24. Ne2 Ra8 25. a5 Ra7 
26. Rbb1 Be5 27. Nd4 Re8 28. Nb3 Re6 29. Nd4 Re8 30. Nb3 Re6 31. Bg2 Bg7 
32. Nd4 Re8 33. Nb3 Bf8 34. Bc3 Bg7 35. Bb4 Bf8 36. Bc3 Ng5 37. Bd4 Raa8 
38. Nd2 Reb8 39. Bb6 Ne6 40. e4 Nxb6 41. axb6 f4 42. e5 dxe5 43. Ne4 Nd4 
44. gxf4 Bg7 45. fxe5 Bxe5 46. Kh1 Ra2 47. Rd3 Rc2 48. c5 Ne6 49. Rd7 Nxc5 
50. Nxc5 Rxc5 51. Bh3 Bf6 52. Be6+ Kh8 53. Rf7 Bc3 54. f4 Ra5 55. Rb3 Bd4 
56. f5 gxf5 57. Bxf5 Ra1+ 58. Rb1 Rxb1+ 59. Bxb1 Bxb6 60. Rxh7+ Kg8 61. Kg2 Bd4 
62. Rd7 c5 63. Be4 b5 64. Rb7 Rxb7 65. Bxb7 c4 66. Kf3 Kf7 67. Ke4 Bg7 
68. Ba6 c3 69. Kd3 b4 
1/2-1/2